Welcome to the Holygrace Academy Library

Please use search bar below to get started

ESSAYS,LETTERS APPLICATIONS &PARAGRAPHS (Record no. 3713)

MARC details
000 -LEADER
fixed length control field 00320nam a22001337a 4500
020 ## - INTERNATIONAL STANDARD BOOK NUMBER
ISBN 81-7826-592-3
082 ## - DEWEY DECIMAL CLASSIFICATION NUMBER
Classification number 826
Item number LOY/E
100 ## - MAIN ENTRY--AUTHOR NAME
Personal name LOYOLA, ALLEN
245 ## - TITLE STATEMENT
Title ESSAYS,LETTERS APPLICATIONS &PARAGRAPHS
260 ## - PUBLICATION, DISTRIBUTION, ETC. (IMPRINT)
Place of publication DELHI
Name of publisher ROHAN BOOK COMPANY
300 ## - PHYSICAL DESCRIPTION
Number of Pages 176
650 ## - SUBJECT ADDED ENTRY--TOPICAL TERM
Topical Term ENGLISH COMPOSITION
Geographic subdivision DELHI
942 ## - ADDED ENTRY ELEMENTS (KOHA)
Koha item type Books
Holdings
Withdrawn status Lost status Collection code Home library Current library Shelving location Date acquired Source of acquisition Full call number Accession Number Koha item type
    Reference Main Library Main Library SHELF-16B -ENGLISH SPEECHES,ESSAYS,QUOTES 06/10/2015 PURCHASE 826 LOY/E 03814 Books